000 00360nam a2200133Ia 4500
008 231129s1975||||xx |||||||||||||| ||spa||
040 _bspa
082 _a[EN PROCESO DE DESCARTE] 149.94 D542d
100 _aDiaz-Guerrero Rogelio
245 0 _aEl diferencial semantico del idioma espanol
260 _c1975
264 _aMéxico: Trillas
942 _2ddc
_cBKS
999 _c10884
_d10884